| 000 | 00793nam a22002417a 4500 | ||
|---|---|---|---|
| 008 | 131119b xxu||||| |||| 00| 0 eng d | ||
| 020 | _a81-204-1286-90-340-70636-8 | ||
| 024 | _cAvailable | ||
| 037 | _cAvailable | ||
| 040 |
_aMBSTU LBIRARY _dMBSTU LBIRARY |
||
| 082 |
_222 _a363.7 BEE |
||
| 100 | _aBenishton, Martin. | ||
| 245 | _aEnvironmental change in mountains and uplands. | ||
| 260 |
_aNew York _bCo- Published in the United States of American Group. _c2000 |
||
| 300 |
_a25 cm. _b172 page _f1 _g25 cm. |
||
| 600 | _2Environmental problems. | ||
| 650 | _2Environmental problems. | ||
| 700 | _aBenishton, Martin. | ||
| 270 |
_aNew York _bNew York _dUSA |
||
| 365 |
_b3000.00 _d3000.00 |
||
| 942 |
_2ddc _cBK |
||
| 999 |
_c856 _d856 |
||